|
|
|
|
| LEADER |
00000nam a2200000 a 4500 |
| 001 |
vtls001520067 |
| 003 |
SK-MaSNL |
| 005 |
20260302073912.0 |
| 008 |
251029s2003 be a f 000 0 eng |
| 020 |
|
|
|a 2871163553
|q (brož.)
|
| 040 |
|
|
|a SNK
|b slo
|c SNK
|e AACR2
|
| 041 |
0 |
|
|a eng
|
| 043 |
|
|
|a e------
|
| 044 |
|
|
|a be
|c BE
|
| 072 |
|
7 |
|a 37
|x Výchova a vzdelávanie
|2 konspekt
|
| 080 |
|
|
|a 371.133
|2 2001
|
| 080 |
|
|
|a 331.542
|2 2001
|
| 080 |
|
|
|a 37.011.3-051
|2 2001
|
| 080 |
|
|
|a (4)
|2 2001
|
| 080 |
|
|
|a (048.8)
|2 2001
|
| 110 |
2 |
|
|a Eurydice
|b Directorate-General for Education and Culture
|4 aut
|9 738885
|
| 245 |
1 |
4 |
|a The teaching profession in Europe
|b profile, trends and concerns
|n Report III.
|p Working conditions and pay
|c Eurydice
|
| 246 |
3 |
0 |
|a Working conditions and pay
|
| 260 |
|
|
|a Brussels
|b Eurydice
|c 2003
|
| 300 |
|
|
|a xxviii, 185 s.
|b ilustr., mp., sch.
|c 23 cm
|
| 490 |
1 |
|
|a Key topics in education in Europe
|v vol. 3
|
| 650 |
0 |
7 |
|a pedagogická prax
|2 SNKPH
|9 4109
|
| 650 |
0 |
7 |
|a profesie
|2 SNKPH
|9 2345
|
| 650 |
0 |
7 |
|a učitelia
|2 SNKPH
|9 3995
|
| 650 |
0 |
7 |
|a Practice teaching
|2 SNKPHeng
|9 267196
|
| 650 |
0 |
7 |
|a Professions
|2 SNKPHeng
|9 371236
|
| 650 |
0 |
7 |
|a Teachers
|2 SNKPHeng
|9 275931
|
| 651 |
|
7 |
|a Európa
|2 SNKPH
|9 167569
|
| 651 |
|
7 |
|a Europe
|2 SNKPHeng
|9 56249
|
| 655 |
|
7 |
|a štúdie
|2 SNKPH
|9 57033
|
| 655 |
|
7 |
|a Studies
|2 SNKPHeng
|9 265573
|
| 830 |
|
0 |
|a Key topics in education in Europe
|9 738886
|
| 919 |
|
|
|a 2-87116-355-3
|
| 999 |
|
|
|c 1162801
|d 1164731
|
| 952 |
|
|
|a SNK
|b SNK
|y VYP
|7 0
|p 17A0460990
|o snkIC 132079/3
|i snk2005/4095
|8 1
|0 0
|1 0
|4 0
|d 2005-03-16
|l 0
|r 2026-02-24 20:38:53
|w 2026-02-24
|